| 000 | 00420nmm a2200145Ia 4500 | ||
|---|---|---|---|
| 008 | 251105s9999||||xx |||||||||||||||||und|| | ||
| 041 | _aspa | ||
| 100 | _aVallejo, José Miguel | ||
| 245 | 0 | _aEl año del sable | |
| 264 |
_a[Santiago de Chile, Chile] : _bEdición Digital, _c2014 |
||
| 300 | _a192 páginas | ||
| 650 | _aThriller & Suspense | ||
| 856 | _uhttps://public.digitaliapublishing.com/a/30445 | ||
| 942 | _cCF | ||
| 999 |
_c105272 _d105272 |
||